Francis and Dominic and the mendicant orders /

Bibliographic Details
Main Author: Herkless, John, Sir, 1855-1920
Format: Book
Language:English
Published: New York : C. Scribner's sons, 1901.
Series:World's epoch-makers.
Subjects:

MARC

Tag First Indicator Second Indicator Subfields
LEADER 00000cam a2200000 a 4500
001 in00000073603
005 20151008053530.0
008 770404s1901 nyu b 00110 engm
010 |a  02012309  
035 |a (OCoLC)02859759 
035 |9 AAH7743AM 
040 |a DLC  |c DMM  |d m.c.  |d TXA  |d UtOrBLW 
049 |a TXAM  |c [1501631] 
090 |a BX2462  |b .H4 
100 1 |a Herkless, John,  |c Sir,  |d 1855-1920. 
245 1 0 |a Francis and Dominic and the mendicant orders /  |c by John Herkless. 
264 1 |a New York :  |b C. Scribner's sons,  |c 1901. 
300 |a 237 pages ;  |c 19 cm. 
336 |a text  |b txt  |2 rdacontent 
337 |a unmediated  |b n  |2 rdamedia 
338 |a volume  |b nc  |2 rdacarrier 
490 1 |a World's epoch-makers 
500 |a Includes index. 
504 |a "Literature": pages 227-230. 
600 0 0 |a Francis,  |c of Assisi, Saint,  |d 1182-1226. 
600 0 0 |a Dominic,  |c Saint,  |d 1170-1221. 
830 0 |a World's epoch-makers. 
999 |a MARS 
999 f f |s 8aa06b56-e847-3808-8b1f-81c4b910f30a  |i 59782a75-6fa1-33c2-a2d9-9b029f7a21a3  |t 0 
952 f f |p ric  |a Texas A&M University  |b Rellis Campus  |c Joint Library Facility  |d Remote Storage  |t 0  |e BX2462 .H4  |h Library of Congress classification  |i unmediated -- volume  |m A14806092816 
998 f f |a BX2462 .H4  |t 0  |l Remote Storage